Medaliści IMŚ na żużlu w latach 1966-1990 - Statystyki

Ogólne statystyki
  • Ten quiz został rozwiązany 30 razy
  • Średni wynik to 53 z 75
Statystyki odpowiedzi
Rok Miasto Złoto % Poprawnych
1969 Londyn Ivan Mauger
100%
1970 Wrocław Ivan Mauger
100%
Antoni Woryna
90%
1966 Goteborg Barry Briggs
90%
Barry Briggs
90%
Barry Briggs
90%
Ivan Mauger
90%
1968 Goteborg Ivan Mauger
90%
1972 Londyn Ivan Mauger
90%
1973 Chorzów Jerzy Szczakiel
90%
1971 Goteborg Ole Olsen
90%
1967 Londyn Ove Fundin
90%
1974 Goteborg Anders Michanek
80%
Antoni Woryna
80%
1981 Londyn Bruce Penhall
80%
1982 Los Angeles Bruce Penhall
80%
Edward Jancarz
80%
1983 Norden Egon Muller
80%
1984 Goteborg Erik Gundersen
80%
Hans Nielsen
80%
Ivan Mauger
80%
Ivan Mauger
80%
Ivan Mauger
80%
1977 Goteborg Ivan Mauger
80%
1979 Chorzów Ivan Mauger
80%
1980 Goteborg Michael Lee
80%
Ole Olsen
80%
1975 Londyn Ole Olsen
80%
Ole Olsen
80%
1978 Londyn Ole Olsen
80%
Paweł Waloszek
80%
1976 Chorzów Peter Collins
80%
Peter Collins
80%
Sverre Harrfeldt
80%
Zenon Plech
80%
Zenon Plech
80%
Anders Michanek
70%
Bengt Jansson
70%
Bengt Jansson
70%
Billy Sanders
70%
Billy Sanders
70%
Dennis Sigalos
70%
Malcolm Simmons
70%
Ole Olsen
70%
Phil Crump
70%
1985 Bradford Erik Gundersen
60%
Erik Gundersen
60%
1988 Vojens Erik Gundersen
60%
Hans Nielsen
60%
1986 Chorzów Hans Nielsen
60%
1987 Amsterdam Hans Nielsen
60%
Hans Nielsen
60%
1989 Monachium Hans Nielsen
60%
Jan O. Pedersen
60%
Jan O. Pedersen
60%
John Louis
60%
Lance King
60%
Les Collins
60%
Michael Lee
60%
Michael Lee
60%
1990 Bradford Per Jonsson
60%
Shawn Moran
60%
Todd Wiltshire
60%
Tommy Knudsen
60%
Bernt Persson
50%
Dave Jessup
50%
Gordon Kennett
50%
Jeremy Doncaster
50%
Kelvin Tatum
50%
Sam Ermolenko
50%
Sam Ermolenko
50%
Scott Autrey
50%
Simon Wigg
50%
Soren Sjosten
40%
Soren Sjosten
40%
Nie znaleziono quizów pasujących do podanych kryteriów
Rozkład punktacji
Procent ludzi z każdym wynikiem
Percentyl według liczby udzielonych odpowiedzi
Twoja historia wyników
Nie rozwiązałeś tego quizu